00573 2200181 4500245014500000020002200145250001000167110002200177700002600199650002500225650002300250005001900273260004200292041001400334084000800348300002600356336000900382 aBendungan Jatibarang b : Dari Kali Kreo untuk Keberlanjutan Sumber Daya Air dan Pengendalian Banjir Kota SemarangcBBWS Pemali JuanahText a978-623-241-627-7 aCet.1 aBBWS Pemali Juana aMuhammad Adek Rizaldi aBendungan Jatibarang aPengetahuan Sosial a20241015093354 aJakartabKompas Media Nusantarac2020 aIndonesia a551 axiv 185 hlm. :cilus. atext